00522 2200217 4500001002100000005001500021035002000036008004100056245004900097300002400146020001800170082000800188084001400196260003400210650001000244990001000254990001000264990001000274990001000284990001000294INLIS00000000000023320241101091944 a0010-1123000233 Ind  aJangan Menangis Willy /cAmbhita Dhyaningrum ax, 162 hlm ;c18 cm a979-33-0192-9 a813 a813 DHY j aSolo :bTiga Serangkai,c2006 aFiksi a1.743 a1.744 a1.745 a1.746 a1.747